One 2022 Wimbledon Women's Player by Country - Statistics

General Stats
  • This quiz has been taken 46 times
  • The average score is 24 of 34
Answer Stats
Country Player % Correct
Greece María Sákkari
95%
Kazakhstan Elena Rybakina | Yulia Putintseva
93%
Poland Iga Świątek | Magdalena Fręch | Magda Linette | +2 others
93%
Czechia Marie Bouzková | Barbora Krejčíková | Petra Kvitová | +4 others
93%
Tunisia Ons Jabeur
93%
France Alizé Cornet | Caroline Garcia | Harmony Tan | +5 others
91%
United States Amanda Anisimova | Coco Gauff | Jessica Pegula | +15 others
88%
Latvia Jeļena Ostapenko
88%
Romania Simona Halep | Irina-Camelia Begu | Sorana Cîrstea | +4 others
88%
Germany Tatjana Maria | Jule Niemeier | Angelique Kerber | +3 others
88%
Spain Paula Badosa | Sara Sorribes Tormo | Garbiñe Muguruza | +2 others
86%
China Zhang Shuai | Zheng Qinwen | Wang Qiang | +3 others
86%
Belgium Elise Mertens | Greet Minnen | Kirsten Flipkens | +3 others
84%
Switzerland Viktorija Golubic | Belinda Bencic | Jil Teichmann | +1 other
84%
Estonia Anett Kontaveit | Kaia Kanepi
81%
Brazil Beatriz Haddad Maia | Laura Pigossi
81%
Italy Elisabetta Cocciaretto | Camila Giorgi | Jasmine Paolini | +2 others
81%
United Kingdom Heather Watson | Katie Boulter | Emma Raducanu | +5 others
81%
Australia Ajla Tomljanović | Daria Saville | Astra Sharma | +3 others
77%
Croatia Petra Martić | Donna Vekić | Jana Fett
77%
Canada Bianca Andreescu | Rebecca Marino
74%
Ukraine Lesia Tsurenko | Anhelina Kalinina | Marta Kostyuk | +1 other
67%
Denmark Clara Tauson
65%
Colombia Camila Osorio
58%
Bulgaria Viktoriya Tomova
56%
Hungary Dalma Gálfi | Panna Udvardy | Anna Bondár
53%
Sweden Mirjam Björklund | Rebecca Peterson
51%
Slovenia Kaja Juvan | Tamara Zidanšek
47%
Netherlands Lesley Pattinama-Kerkhove | Arantxa Rus
47%
Japan Mai Hontama | Misaki Doi
40%
Slovakia Kristína Kučová | Anna Karolína Schmiedlová
35%
Serbia Aleksandra Krunić
23%
Mexico Fernanda Contreras
7%
Georgia Ekaterine Gorgodze
2%
No matching quizzes found
Score Distribution
Percent of People with Each Score
Percentile by Number Answered
Your Score History
You have not taken this quiz